| 000 | 01055nas a2200313 4500 | ||
|---|---|---|---|
| 001 | BR8100292 | ||
| 003 | BR-BrBNA | ||
| 005 | 20231205084458.0 | ||
| 007 | ta | ||
| 008 | 230509b bl.|||p| |||| 00| 00por d | ||
| 040 |
_aBR-BrBNA _bpor _cBiblioteca Nacional de Agricultura |
||
| 041 | _a(Pt) | ||
| 072 | _aF22 | ||
| 100 | 1 | _aMello, F. de A.F. de | |
| 100 | 1 | _aBalloni, E.A. | |
| 100 | 1 | _aJankovsky, I.P. | |
| 100 | 1 | _aSilva, A.P. | |
| 100 | 1 | _aKoffler, N.F. | |
| 100 | 1 | _aValeiro Filho, M. | |
| 245 | 1 | _aEfeito do tratamento de um latosol com fosfato sobre a capacidade de fixacao de fosforo do mesmo [Brasil] | |
| 246 | 1 | _aEffects of the addition of calcium phosphate on the phosphorus fixation capacity of a latosol [Brazil] | |
| 650 | _aQuimica do solo | ||
| 650 | _aFertilizante fosfatado | ||
| 650 | _aFixacao de fosforo | ||
| 650 | _aAnalise do solo | ||
| 773 | 0 |
_tRevista de Agricultura (Brazil) _xISSN 0034-7655 _g(Aug 1980), v. 55(3) p. 127-131 _wBR8100292 |
|
| 909 |
_a202311 _bLúcia _c55 _dLúcia Elande |
||
| 942 |
_2AGRIS _n0 _cANA |
||
| 999 |
_c105492 _d105492 |
||